00377 2200157 4500001002100000005001500021035002000036245003600056100001600092300002800108260002700136082000800163084001400171020002200185990001200207INLIS00000000000310520251001095721 a0010-10250000091 aTuhan Maha Asyik /cSujiwo Tejo0 aSujiwo Tejo a245 hlm ;c14,5 x 20 cm aDepok :bImania,c2016 a200 a200 SUJ t a978-602-7926-29-5 a0755521